| 000 | 00332nam a22001457a 4500 | ||
|---|---|---|---|
| 003 | SGT | ||
| 020 | _a81-86937-78-1 | ||
| 082 |
_a615.538 _bA16N |
||
| 100 | _aNAMBURI, U.R.SEKHER | ||
| 245 | _aA TEXT BOOK OF AGADA TANTRA | ||
| 260 |
_aVARANASI _bCHAUKHAMBHA PUB _c2016 |
||
| 300 | _a324 | ||
| 650 | _aAYURVEDA | ||
| 942 |
_2ddc _cBK _015 |
||
| 999 |
_c14444 _d14444 |
||